| 000 | 01211cam a22001934a 4500 | ||
|---|---|---|---|
| 005 | 20250605165244.0 | ||
| 008 | 250528s ||||||||||||||||||||||||d | ||
| 035 | _a23590 | ||
| 040 |
_aGR-AtMCL _bgre _dGR-AtMCL _eAACR2 |
||
| 245 | 1 | _aΗ Εξέλιξη του Ελληνικού Λιανεμπόριου Τροφίμων από την Δεκαετία του '60 έως Σήμερα | |
| 260 | _c2012 | ||
| 300 | _a47 | ||
| 520 | _aΕισαγωγή, Γενικά - Ελληνικό Λιανικό Εμπόριο, Διεθνής Εξέλιξη Λιανεμπορίου Τροφίμων, Ειδή Στρατηγικών Τροφίμων, Ελληνικό Λιανεμπόριο Τροφίμων, Διαχρονική Εξέλιξη, Είσοδος Πολυεθνικών Αλυσίδων, Στρατηγικές Πολυεθνικών Αλυσίδων, Επίδραση Οικονομικής Κρίσης, ΣυμπεράσματαΠαράρτημα, Βιβλιογραφία, Αρθογραφία, Ηλεκτρονικές Πηγές. | ||
| 700 | 1 |
_aΘεοδωρόπουλος Ανδρέας _93878 |
|
| 700 | 1 |
_aΜίχος Ευστάθιος _99177 |
|
| 942 | _cDS | ||
| 999 |
_c8591 _d8591 |
||